000 01010nam a2200193Ia 4500
008 151121s9999||||xx |||||||||||||| ||und||
082 _a954/कुलक
082 _bHNW-113604
100 _aकुलकर्णी निरंजन
245 _aइतिहासलेखनातील नवे प्रवाह द्ख्खनच्या विशेष अनुंषगाने
260 _b"एकनाथ पाटील प्रकाशन, कोल्हापूर्।"
260 _c2013
300 _a248
600 _aकुलकर्णी निरंजन
630 _aइतिहासलेखनातील नवे प्रवाह द्ख्खनच्या विशेष अनुंषगाने
700 _aकुलकर्णी निरंजन
730 _aइतिहासलेखनातील नवे प्रवाह द्ख्खनच्या विशेष अनुंषगाने
942 _cBOOK
999 _c1262696
_d1262693